Welcome to CU Library Online Public Access Catalogue (OPAC)

Mathematics for economics (Record no. 5017)

MARC details
000 -LEADER
fixed length control field 00384nam a22001577a 4500
005 - DATE AND TIME OF LATEST TRANSACTION
control field 20250320161025.0
008 - FIXED-LENGTH DATA ELEMENTS--GENERAL INFORMATION
fixed length control field 250320b |||||||| |||| 00| 0 eng d
020 ## - INTERNATIONAL STANDARD BOOK NUMBER
International Standard Book Number 8187125551
050 ## - LIBRARY OF CONGRESS CALL NUMBER
Classification number HB 135 AGA
Item number 1
100 ## - MAIN ENTRY--PERSONAL NAME
Personal name AGARWAL, D.R
245 ## - TITLE STATEMENT
Title Mathematics for economics
260 ## - PUBLICATION, DISTRIBUTION, ETC.
Place of publication, distribution, etc. Delhi
Name of publisher, distributor, etc. Vrinda Publications
Date of publication, distribution, etc. 2001
300 ## - PHYSICAL DESCRIPTION
Extent 651p
500 ## - GENERAL NOTE
General note Tables,
942 ## - ADDED ENTRY ELEMENTS (KOHA)
Source of classification or shelving scheme Library of Congress Classification
Koha item type Books
Suppress in OPAC No
999 ## -
-- 5017
-- 5017
Holdings
Withdrawn status Lost status Source of classification or shelving scheme Damaged status Not for loan Collection Home library Current library Shelving location Date acquired Total checkouts Full call number Barcode Date last seen Copy number Price effective from Koha item type
    Library of Congress Classification     Non-fiction Graduate Library (Christ Temple) Graduate Library (Christ Temple) General stacks 03/20/2025   HB 135 AGA GSCT00000702 03/20/2025 1 03/20/2025 Books
    Library of Congress Classification     Non-fiction Graduate Library (Christ Temple) Graduate Library (Christ Temple) General stacks 03/20/2025   HB 135 AGA GSCT00000703 03/20/2025 2 03/20/2025 Books
    Library of Congress Classification     Non-fiction Graduate Library (Christ Temple) Graduate Library (Christ Temple) General stacks 03/20/2025   HB 135 AGA GSCT00000704 03/20/2025 3 03/20/2025 Books
    Library of Congress Classification     Non-fiction Graduate Library (Christ Temple) Graduate Library (Christ Temple) General stacks 03/20/2025   HB 135 AGA GSCT00000705 03/20/2025 4 03/20/2025 Books
© 2023-2024 Copyright: Central University Libraries. All Rights Reserved | Created by: Mahone Tech Office